000 00320nam a22001337a 4500
008 170930b xxu||||| |||| 00| 0 eng d
020 _a9789629962814
041 _aeng
080 _a37
100 _a47
101 _aEDU
245 _aAMERICAN ENGLISH IDIOMATIC EXPRESSIONS IN 52 WEEKS
_cHOLLEMAN, J
942 _2udc
_cBK
999 _c30911
_d30911